Quizzes
Events
Quiz Creation
Community
Videos
Private Events
Remove Ads
Sign In
Join for FREE
Feedback
Dark Mode
Quiz Categories
Sports
Geography
Music
Movies
Television
Just For Fun
Miscellaneous
History
Literature
Language
Science
Gaming
Entertainment
Religion
Holiday
For Kids
Quiz Lab
Recent
Popular Today
Quiz Kudos Today
Editor Picks
Curator Picks
Quizzes by...
Day
Popularity
Type
Ratings
Length
Year
Community
Subscriptions
Recent Discussions
Orange Saloon
Badges
Playlists
Quests
Create
Leaderboards
Showdown
Live 5
Trivia Bingo
Activity
Puzzle Library
Sporcle Events
Private Events
Virtual Trivia
Globe League
Become a Host
Pub Owners
SporcleCon
Opinionation
Our Games
Videos
Blog
Mobile Apps
Partnerships
Remove Ads and Go Orange
Feedback
Sports
Athletes
MLB
NBA
NHL
NFL
Soccer
Sports Teams
WWE
NCAA
Football
Premier League
Basketball
Baseball
Hockey
Golf
Tennis
Cricket
Rugby
Auto Racing
Olympics
World Cup
Sports
Athletes
MLB
NBA
NHL
NFL
Soccer
Sports Teams
WWE
NCAA
Football
Premier League
Basketball
Baseball
Hockey
Golf
Tennis
Cricket
Rugby
Auto Racing
Olympics
World Cup
Random Quiz
Search Sporcle
×
Quiz Lab
Quiz Lab
Sports
Kansas City
Type in answers that appear in a list
Type in answers that appear in a list
Classic
Best Score? Go Orange.
KansasCity Royals 2015 Info and Team Stats
Can you name the KansasCity Royals Team?
By
Royals12Gordon
13m
54 Questions
115 Plays
115 Plays
115 Plays
Comments
Comments
Give Quiz Kudos
Give Quiz Kudos
-
- Ratings
hide this ad
Replay
Link that replays current quiz
Next Quiz
Link to next quiz in quiz playlist
You Got
0%
They Got
Avg Score
60%
Avg Friend Score
Upgrade to see
Score Distribution
Jump to the score distribution portion of the page
Score
0/54
Timer
13:00
0
Plays Today
Hint
Answer
% Correct
City
Kansas City
93.9%
Team
Royals
90.4%
CF
Lorenzo Cain
84.2%
Best player on team
Lorenzo Cain
84.2%
Jersey Colors
Blue
84.2%
Jersey Colors
White
82.5%
LF
Alex Gordon
81.6%
Team that beat them in WS 2014
Giants
81.6%
Manager
Ned Yost
80.7%
1B
Eric Hosmer
79.8%
C
Salvador Perez
78.9%
Best Player in Franchise
George Brett
78.1%
Last WS Appearence
2014
77.2%
3B
Mike Moustakas
76.3%
State
Missouri
76.3%
SS
Alcides Escobar
75.4%
SS
Alcides Escobar
75.4%
RP
Wade Davis
73.7%
Division
Central
73.7%
SP
Yordana Ventura
71.9%
CP
Greg Holland
71.1%
Best Pitcher on team
Greg Holland
71.1%
Conference
AL
71.1%
Only WSW
1985
70.2%
2B
Omar Infante
69.3%
RF
Alex Rios
68.4%
Highest salary on team
Alex Rios
68.4%
Hint
Answer
% Correct
1985 Team they beat in WS
Cardinals
67.5%
DH
Kendrys Morales
64%
League
MLB
64%
RP
Kelvin Herrera
60.5%
SP
Edinson Volquez
60.5%
Long time player, left in FA
Billy Butler
60.5%
SP they lost in FA
James Shields
60.5%
CF
Jarrod Dyson
59.6%
GM
Dayton Moore
58.8%
Ballpark
Kauffman Stadium
57.9%
SP
Danny Duffy
54.4%
SP
Jason Vargas
50%
WS 14, how many games
Game 7
50%
RP
Luke Hochevar
49.1%
Opening Day Team
White Sox
47.4%
Maddison Bumgarner and the Ginats needs to
WAKE UP
44.7%
SP
Chris Young
42.1%
SP
Jeremy Guthrie
41.2%
2B
Christian Colon
40.4%
RP
Louis Coleman
24.6%
RP
Brandon Finnegan
23.7%
SP
John Lamb
22.8%
RP
Jason Frasor
21.1%
MR
Tim Collins
19.3%
RF
Lane Adams
15.8%
RF
Jorge Bonifacio
11.4%
RP
Aaron Brooks
9.6%
Quiz Playlist
Details
Report
Send in Message
Add To Playlist
Classic:
Type in answers that appear in a list
Last Updated: Feb 28, 2019
Quiz Scoreboard
CHALLENGE
Sign Up to Join the Scoreboard
Show All
Scores
Hide
Comments
May contain spoilers
Recently Published
Billboard Blitz: Fleetwood Mac
by CooCooCachoo
Music
15s
Presidents Visiting Landmarks
by Hejman
History
7m
An Introduction to Baseball
by treessimontrees
Sports
5m
More to Explore
Quiz From the Vault
Featured Blog Post
Where Did the Easter Bunny Come From?
hide this ad
You Might Also Like...
Tags
Kansas City
Royal
team
Today's Top Quizzes in Sports
Browse Sports
hide this ad
Today's Top Quizzes in Kansas City
Browse Kansas City
Top Contributed Quizzes in Sports
1
Les meilleurs buteurs des matchs entre le PSG et l’OM
2
2022 World Cup Stars
3
FIFA Club World Cup Champions
4
Les entraîneurs de l'OM et du PSG au 21e siècle
5
Name the Premier League winners with different clubs
6
5-to-1: UK Sports Teams
7
La finale Lions - Afrique du Sud 2021
8
Criteria MLB: Left Handed Sluggers
9
AFC Teams Reveal (Wrong Answers Minefield)
10
England Test cricketers to play under Nasser Hussain
Explore More
Trending Topics
Anime
Harry Potter
NBA
Crossword
Kpop
Disney
Marvel
WWE
Pokémon
Country
The Office
Soccer
NFL
Puzzle
Song
hide this ad
More By:
Royals12Gordon
Quiz
Plays
Rating
Category
Featured
Created
Missing Word: Slasher Films
8,025
4.55
Just For Fun
Sep 12, 2017
Green Day or The Offspring
5,618
4.70
Music
Jan 28, 2019
Missing Word: Zombie Movies
4,933
4.52
Just For Fun
Feb 10, 2019
Weird NBA Facts
4,848
4.45
Sports
Nov 26, 2017
Missing Word: Historical Films
4,704
4.65
Just For Fun
Sep 15, 2017
Go to Creator's Profile
Score Distribution
Quiz Creator Spotlight
Royals12Gordon
Follow
Send a Message
Quizzes Created
-
Created Quiz Play Count
-
More By This Creator
Popular Quizzes Today
1
Find the US States - No Outlines Minefield
2
Find the Countries of Europe - No Outlines Minefield
3
The Countries of the World
4
Find the US States
5
Popular People in 1961
6
US States
7
Risky Map Clicking: Biggest States A-Z
8
Movies - When Are They Set?
More Sports Quizzes
States with 10 Final Fours
Published
Trending Quizzes
Risky Map Clicking: Least Populous States A-Z
1-10 Letter G Words
1-10 Letter F Words
Risky Map Clicking: Next State Alphabetically
Risky Map Clicking: Biggest States A-Z
Recently Updated
Leaping Animals
pecheneg
Reality TV Shows (A-Z)
bhenderson79
Rickey Henderson's Hall of Fame Teammates
pecheneg
Champions League XIs: Arsenal
pecheneg
Quick Pick: Celebrities in WWE's Hall of Fame
aduchscher
A-Z Keypad Blitz II
pecheneg
Multiple Oscar Actors
pecheneg
Mystery Phrase Blitz: Oscar 'Best Actors'
pecheneg
F. Scott Fitzgerald Novels
LTH
Pick 3 Villains
ddd62291
Trending Topics
NBA
Anime
Harry Potter
Marvel
Crossword
Kpop
Disney
NFL
The Office
WWE
Pokémon
Country
Soccer
Song
Puzzle
Your Account Isn't Verified!
In order to create a playlist on Sporcle, you need to verify the email address you used during registration. Go to your
Sporcle Settings
to finish the process.
Report this User
Report this user for behavior that violates our
Community Guidelines
.
Details:
Send Report
Go to the Sporcle.com Mobile Site →
Comments